000 00302nam a22001337a 4500
008 181011b xxu||||| |||| 00| 0 eng d
020 _a9781497408180
041 _aeng
080 _a004
100 _a28
101 _aSHKI
245 _aA Smarter Way to Learn JavaScript
_cMyers, M
942 _2udc
_cBK
999 _c49459
_d49459